Statistiques concernant Les peuples barbares

Cliquez ici pour prendre le quiz!

Statistiques générales

  • Ce quiz a été pris 112 fois
  • Le résultat moyen est 8 sur 20

Statistiques - réponses

Peuple barbare% Correct
Wisigoths
92%
Ostrogoths
91%
Huns
85%
Francs
71%
Saxons
60%
Angles
59%
Vandales
59%
Burgondes
49%
Pictes
43%
Alamans
37%
Lombards
28%
Alains
25%
Suèves
24%
Scots
20%
Danois
19%
Jutes
19%
Frisons
17%
Avars
12%
Gépides
8%
Thuringiens
4%

Distribution des résultats

Percentile par nombre de réponses

% des personnes avec chaque résultat

Votre développement - résultats

Vous n’avez pas pris ce quiz